00842cam a22002413a 4500999001500000001000600015003000900021005001700030008004100047020001800088040002800106082001900134100002600153245004800179260003600227300002900263650002000292650002700312650001500339942001200354952011700366952011700483 c3872d387219393BD-DhUAP20210104123506.019393 s2009 enk 000 0deng  a9780141190266 aDLCcDLCbEngdBD-DhUAP 223a812.54 WIL a Williams, Tennessee.04aThe glass menagerie /cTennessee Williams. aLondon :bPenguin books,c2009. axvii, 92 pages ;c20 cm. aAmerican drama. aMothers and daughters. aYoung men. 2ddccBK 00102ddc4070aUAPCLbUAPCLcGeneral Stacksd2020-03-12o812.54 WILp3010019393r2020-03-12t1w2020-03-12yBK 00102ddc4070aUAPCLbUAPCLcGeneral Stacksd2021-01-04o812.54 WILp3010018473r2021-01-04t2w2021-01-04yBK